00469nam a22001337a 4500003000500000082000800005100002400013245010300037264003700140300003100177650003600208700003400244856005700278NUST a621 aKhan ,Haroon Ahmed  aDevelopment of Test Bench for the Characterization of Shape Memory Alloy Wire /cHaroon Ahmed Khan aIslamabad: bSMME- NUST. c2018. a55p. ;bSoft Copy, c30cm. aMS Mechanical Engineering  aSupervisor : Dr. Mushtaq Khan uhttp://10.250.8.41:8080/xmlui/handle/123456789/24039